|
|
|
|
| LEADER |
00000nta a2200000 i 4500 |
| 001 |
dolg6142 |
| 005 |
20161215105426.0 |
| 008 |
160511suuuu hu om 000 hun d |
| 040 |
|
|
|a BGE Dolgozattár Repozitórium
|b hun
|
| 041 |
|
|
|a hu
|
| 100 |
1 |
|
|a Molnár Márta
|
| 245 |
1 |
0 |
|a Készpénzkímélő fizetési eszközök használata és hatásuk az utazási iroda likviditására
|c Molnár Márta
|h [elektronikus dokumentum]
|
| 520 |
3 |
|
|a Készpénzkímélő fizetési eszközök használata az utazási iroda likviditására. Bankkártyák elfogadásának hatása az utazási iroda likviditására.
|
| 695 |
|
|
|a Készpénzkímélő fizetési eszköz
|
| 695 |
|
|
|a Bankkártya
|
| 700 |
1 |
|
|a Talabos István
|e ths
|
| 856 |
4 |
0 |
|u http://dolgozattar.uni-bge.hu/6142/1/Moln%C3%A1r%20M%C3%A1rta%20szakdolgozat%20-%20repozitorium.pdf
|z Dokumentum-elérés
|